Oxford handbook of pain management (Record no. 33316)

MARC details
000 -LEADER
fixed length control field 00464nam a2200181Ia 4500
020 ## - INTERNATIONAL STANDARD BOOK NUMBER
ISBN 9780199298143
050 ## - CALL MARK
Classification number RB 127 .O94/
100 ## - STATEMENT OF RESPONSIBILITY--MAIN AUTHOR NAME
Personal name Peter Brook, Jayne Connell, Tony Pickering
245 #0 - TITLE STATEMENT
Title Oxford handbook of pain management
260 ## - PUBLICATION, DISTRIBUTION, ETC. (IMPRINT)
Place of publication Oxford
260 ## - PUBLICATION, DISTRIBUTION, ETC. (IMPRINT)
Name of publisher Oxford University Press
260 ## - PUBLICATION, DISTRIBUTION, ETC. (IMPRINT)
Year of publication 2011
300 ## - PHYSICAL DESCRIPTION
Number of Pages 366 p
650 ## - SUBJECT ADDED ENTRY--TOPICAL TERM
Topical Term Pain--Treatment.
942 ## - ADDED ENTRY ELEMENTS (KOHA)
Koha item type Books
Holdings
Withdrawn status Lost status Source of classification or shelving scheme Damaged status Not for loan Permanent Location Current Location Shelving location Date acquired Accession Number Price effective from Koha item type
    Library of Congress Classification     Asokoro Library Asokoro Library Items on shelf 04/23/2025 0193559 04/23/2025 Books